Tous les cyclistes suisses du Tour de France (2001-....) - Statistiques

Statistiques générales
  • Ce quiz a été pris 100 fois
    71 depuis la dernière actualisation
  • Le résultat moyen est 9 sur 27
Statistiques - réponses
Nb de Tours Equipes Cycliste Meilleur classement Victoire(s) d'étape % Correct
11 Fassa Bortolo, CSC, Saxo Bank, Leopard, RadioShack, Trek Fabian Cancellara 64e 8
90%
6 BMC, FDJ Stefan Küng 33e
85%
3 Sunweb, UAE Marc Hirschi 54e 1
71%
4 IAM, FDJ Sébastien Reichenbach 14e
71%
11 BMC, CCC, AG2R Michael Schär 43e
63%
7 BMC, IAM, AG2R Mathias Frank 8e
61%
3 AG2R, Alpecin Silvan Dillier 59e
54%
9 Liquigas, Orica Michael Albasini 59e
51%
2 EF Education Stefan Bissegger 83e
42%
5 BMC, FDJ Steve Morabito 35e
39%
3 Alessio, Quick Step Laurent Dufaux 21e
27%
2 BMC Danilo Wyss 63e
25%
2 IAM Marcel Wyss 32e
25%
5 IAM, Katusha, Israel Reto Hollenstein 75e
25%
7 Phonak, AG2R, IAM Martin Elmiger 64e
17%
3 FDJ, Fassa Bortolo, Gerolsteiner Sven Montgomery Abandon
15%
4 Lampre, Saunier Duval Rubens Bertogliati 78e 1
14%
6 Astana, RadioShack, Trek Grégory Rast 101e
12%
2 Bouygues Télécom Johann Tschopp 54e
12%
2 Phonak Alexandre Moos 42e
10%
3 Rabobank, Gerolsteiner Beat Zberg 27e
10%
4 Saeco, Lampre David Loosli 53e
10%
1 Gerolsteiner Markus Zberg 92e
10%
2 Vini Caldirola, Phonak Steve Zampieri 87e
10%
2 Jean Delatour, RAGT Semences Pierre Bourquenoud 130e
7%
1 Liquigas Patrick Calcagni 129e
2%
1 FDJ Daniel Schnider 66e
0%
Aucun quiz correspondant
Distribution des résultats
% des personnes avec chaque résultat
Percentile par nombre de réponses
Votre historique - résultats
Vous n’avez pas pris ce quiz depuis la dernière actualisation